000 00418nam a2200169Ia 4500
001 12289
003 IN-NITTTR
005 20251114233115.0
008 251113s9999||||xx |||||||||||||| ||eng||
040 _beng
040 _cIN-NITTTR
041 _aeng
082 _aREF 428 M376S R
100 _aMascot, A.C.
245 0 _aSimple course in english & current affairs for B.Com. 11 /
_cMascot, A.C.
942 _2ddc
_cBK
999 _c14925
_d14925